| 000 -LEADER | |
|---|---|
| fixed length control field | 00408nam a22001697a 4500 |
| 005 - DATE AND TIME OF LATEST TRANSACTION | |
| control field | 20160630110430.0 |
| 008 - FIXED-LENGTH DATA ELEMENTS--GENERAL INFORMATION | |
| fixed length control field | 160630b xxu||||| |||| 00| 0 eng d |
| 020 ## - INTERNATIONAL STANDARD BOOK NUMBER | |
| ISBN | 978-81-85240-72-5 |
| 041 ## - LANGUAGE CODE | |
| Language code of text/sound track or separate title | eng |
| 082 ## - DEWEY DECIMAL CLASSIFICATION NUMBER | |
| Item number | 19476 |
| 100 ## - MAIN ENTRY--AUTHOR NAME | |
| Personal name | Khanna, S K & Others |
| 245 ## - TITLE STATEMENT | |
| Title | Highway Engineering |
| 260 ## - PUBLICATION, DISTRIBUTION, ETC. (IMPRINT) | |
| Name of publisher | Nemchand& Bros Roorle |
| 300 ## - PHYSICAL DESCRIPTION | |
| Number of Pages | 762 |
| 650 ## - SUBJECT ADDED ENTRY--TOPICAL TERM | |
| Topical Term | Diploma Engineering |
| 942 ## - ADDED ENTRY ELEMENTS (KOHA) | |
| Koha item type | Books |
| Lost status | Damaged status | Home library | Current library | Shelving location | Date acquired | Cost, normal purchase price | Full call number | Accession Number | Koha item type |
|---|---|---|---|---|---|---|---|---|---|
| JRU Library | SHELF-44-D | 30/06/2016 | 250.00 | 19476 | 19476 | Books | |||
| JRU Library | SHELF-44-D | 30/06/2016 | 250.00 | 19476 | 19477 | Books | |||
| JRU Library | SHELF-44-D | 30/06/2016 | 250.00 | 19476 | 19478 | Books | |||
| JRU Library | SHELF-44-D | 30/06/2016 | 250.00 | 19476 | 19479 | Books | |||
| JRU Library | SHELF-44-D | 30/06/2016 | 250.00 | 19476 | 19480 | Books | |||
| JRU Library | SHELF-44-D | 30/06/2016 | 250.00 | 19476 | 19481 | Books | |||
| JRU Library | SHELF-44-D | 30/06/2016 | 250.00 | 19476 | 19482 | Books | |||
| JRU Library | SHELF-44-D | 30/06/2016 | 250.00 | 19476 | 19483 | Books | |||
| JRU Library | SHELF-44-D | 30/06/2016 | 250.00 | 19476 | 19484 | Books | |||
| JRU Library | SHELF-45-D | 30/06/2016 | 250.00 | 19476 | 19485 | Books | |||
| JRU Library | 30/06/2016 | 250.00 | 19476 | 19486 | Books | ||||
| JRU Library | SHELF-44-D | 30/06/2016 | 250.00 | 19476 | 19487 | Books | |||
| JRU Library | SHELF-44-D | 30/06/2016 | 250.00 | 19476 | 19488 | Books | |||
| JRU Library | 30/06/2016 | 250.00 | 19476 | 19489 | Books | ||||
| JRU Library | SHELF-44-D | 30/06/2016 | 250.00 | 19476 | 19490 | Books |